Scotland 2026 FIFA World Cup Squad - Statistics

General Stats
  • This quiz has been taken 45 times
  • The average score is 13 of 27
Answer Stats
# Position Player % Correct
MF Scott McTominay
97%
© DF Andrew Robertson
92%
DF Kieran Tierney
86%
FW Ché Adams
81%
GK Angus Gunn
67%
MF John McGinn
67%
MF Billy Gilmour
61%
DF Grant Hanley
50%
MF Lewis Ferguson
50%
FW Lyndon Dykes
47%
DF Aaron Hickey
44%
FW Lawrence Shankland
44%
MF Ryan Christie
44%
Manager Steve Clarke
44%
MF Ben Gannon-Doak
42%
DF Scott McKenna
42%
DF Anthony Ralston
36%
GK Craig Gordon
36%
MF Kenny McLean
36%
DF Nathan Patterson
36%
DF John Souttar
33%
GK Liam Kelly
33%
DF Jack Hendry
31%
FW Ross Stewart
31%
DF Dominic Hyam
28%
MF Findlay Curtis
22%
FW George Hirst
22%
No matching quizzes found
Score Distribution
Percent of People with Each Score
Percentile by Number Answered
Your Score History
You have not taken this quiz